| 000 | 00888nmc a2200313 a 4500 | ||
|---|---|---|---|
| 003 | AR-BaBNM | ||
| 005 | 20251128203633.0 | ||
| 008 | 058019s1967 ||||||||||||||000 | spa|| | ||
| 040 | _cAR-BaBNM | ||
| 100 | 1 |
_aVega, Garcilaso de la _cEl Inca _d1539-1616 |
|
| 245 | 1 | 0 |
_aComentarios reales _n2 |
| 260 |
_aBuenos Aires _bPlus Ultra _c1967 |
||
| 300 | 0 | _a195 p. | |
| 490 | 0 |
_aClásicos hispanoamericanos _vv. 11 |
|
| 500 | 0 | _aContiene vocabulario de voces indígenas en p. 183 | |
| 650 | 4 | _aCONQUISTA DE AMERICA | |
| 650 | 4 | _aLITERATURA ESPANOLA | |
| 650 | 4 | _aINCAS | |
| 650 | 4 | _aHISTORIA AMERICANA | |
| 651 | 4 | _aPerú | |
| 653 | 0 | _aLITERATURA PERUANA | |
| 653 | 0 | _aCRONICAS | |
| 653 | 0 | _aCIVILIZACIONES PRECOLOMBINAS | |
| 655 | _aLITERATURA | ||
| 700 | 1 |
_aGerzenstein, Ana _ecomentarista |
|
| 800 | 1 |
_aLoprete, Carlos Alberto _edirector |
|
| 942 | _cBK | ||
| 998 | _cMARTIN | ||
| 999 |
_c4263 _d4263 |
||